| 000 | 00497nam a22001817a 4500 | ||
|---|---|---|---|
| 005 | 20240909150323.0 | ||
| 008 | 240909b |||||||| |||| 00| 0 eng d | ||
| 020 | _a9781119605515 | ||
| 082 |
_a006.686 _bOBE-P |
||
| 100 | _aObermeier, Barbara | ||
| 245 |
_aPhotoshop elements 2020 For dummies / _cTed Padova |
||
| 260 |
_aUSA: _bPearson; _c2020. |
||
| 300 |
_axiv, 400 p. : _bill; _c24 cm. |
||
| 500 | _ainclude index. | ||
| 650 | _aMobile Application | ||
| 700 | _aTed Padova | ||
| 999 |
_c36555 _d36555 |
||